Level Up Game Design

Saved in:
書目詳細資料
主要作者: Scott Rogers
格式: 圖書
出版: wiley
主題:
標簽: 添加標簽
沒有標簽, 成為第一個標記此記錄!

MARC

LEADER 00000nam a2200000Ia 4500
005 20260427112640.0
526 |b Immersive Arts 
100 |a Scott Rogers 
020 |a 9781394298761 
650 |a Game Design 
526 |a Masters 
942 |c BK 
245 |a Level Up Game Design 
260 |b wiley 
999 |c 8  |d 8 
952 |0 0  |1 0  |4 0  |7 0  |8 4  |a BRISTOL  |b BRISTOL  |d 2026-04-22  |l 0  |p 000129  |r 2026-04-27 11:26:40  |w 2026-04-27  |y BK